Stolice świata według pierwszych dwóch liter w trzy minuty - Statystyki

Ogólne statystyki
  • Ten quiz został rozwiązany 543 razy
  • Średni wynik to 136 z 197
Statystyki odpowiedzi
kraj stolica % Poprawnych
Polska Warszawa
99%
Stany Zjednoczone Waszyngton
99%
Watykan Watykan
99%
Hiszpania Madryt
96%
Wyspy Marshalla Majuro
96%
Gwinea Równikowa Malabo
96%
Malediwy Male
96%
Nikaragua Managua
96%
Bahrajn Manama
96%
Filipiny Manila
96%
Mozambik Maputo
96%
Lesotho Maseru
96%
Oman Maskat
96%
Somalia Mogadiszu
96%
Monako Monako
96%
Liberia Monrovia
96%
Urugwaj Montevideo
96%
Komory Moroni
96%
Rosja Moskwa
96%
Mikronezja Palikir
96%
Panama Panama
96%
Surinam Paramaribo
96%
Francja Paryż
96%
Republika Południowej Afryki Pretoria, Kapsztad lub Bloemfontein
96%
Liban Bejrut
95%
Serbia Belgrad
95%
Belize Belmopan
95%
Niemcy Berlin
95%
Szwajcaria Berno
95%
Brazylia Brasília
95%
Słowacja Bratysława
95%
Kongo Brazzaville
95%
Barbados Bridgetown
95%
Belgia Bruksela
95%
Austria Wiedeń
95%
Laos Wientian
95%
Litwa Wilno
95%
Namibia Windhuk
95%
Grenada Saint George's
94%
Antigua i Barbuda Saint John’s
94%
Jemen Sana
94%
Kostaryka San José
94%
San Marino San Marino
94%
Salwador San Salvador
94%
Chile Santiago
94%
Dominikana Santo Domingo
94%
Wyspy Świętego Tomasza i Książeca São Tomé
94%
Bośnia i Hercegowina Sarajewo
94%
Andora Andora
93%
Turcja Ankara
93%
Madagaskar Antananarywa
93%
Białoruś Mińsk
93%
Rwanda Kigali
92%
Ukraina Kijów
92%
Jamajka Kingston
92%
Saint Vincent i Grenadyny Kingstown
92%
Mołdawia Kiszyniów
92%
Gwinea Konakry
92%
Dania Kopenhaga
92%
Gabon Libreville
92%
Malawi Lilongwe
92%
Peru Lima
92%
Portugalia Lizbona
92%
Tajwan Tajpej
91%
Estonia Tallinn
91%
Kiribati Tarawa
91%
Uzbekistan Taszkent
91%
Chorwacja Zagrzeb
91%
Węgry Budapeszt
90%
Argentyna Buenos Aires
90%
Rumunia Bukareszt
90%
Togo Lomé
90%
Wielka Brytania Londyn
90%
Czechy Praga
90%
Cabo Verde Praia
90%
Kosowo Prisztina
90%
Islandia Reykjavík
89%
Grecja Ateny
88%
Finlandia Helsinki
88%
Angola Luanda
88%
Słowenia Lublana
88%
Luksemburg Luksemburg
88%
Zambia Lusaka
88%
Albania Tirana
88%
Jordania Amman
87%
Holandia Amsterdam
87%
Irlandia Dublin
87%
Tadżykistan Duszanbe
87%
Norwegia Oslo
85%
Benin Porto-Novo lub Cotonou
84%
Bułgaria Sofia
84%
Czarnogóra Podgorica
82%
Haiti Port-au-Prince
82%
Mauritius Port Louis
82%
Papua-Nowa Gwinea Port Moresby
82%
Trynidad i Tobago Port-of-Spain
82%
Vanuatu Port Vila
82%
Szwecja Sztokholm
82%
Liechtenstein Vaduz
81%
Malta Valletta
81%
Łotwa Ryga
80%
Irak Bagdad
78%
Azerbejdżan Baku
78%
Mali Bamako
78%
Brunei Bandar Seri Begawan
78%
Gambia Bandżul
78%
Tajlandia Bangkok
78%
Saint Kitts i Nevis Basseterre
78%
Włochy Rzym
77%
Afganistan Kabul
76%
Egipt Kair
76%
Uganda Kampala
76%
Nepal Katmandu
76%
Palestyna Ramallah lub Wschodnia Jerozolima
74%
Japonia Tokio
72%
Niger Niamey
70%
Cypr Nikozja
70%
Australia Canberra
68%
Wenezuela Caracas
68%
Saint Lucia Castries
68%
Palau Ngerulmud
67%
Wietnam Hanoi
66%
Zimbabwe Harare
66%
Kuba Hawana
66%
Meksyk Meksyk
66%
Korea Południowa Seul
65%
Macedonia Północna Skopje
63%
Senegal Dakar
60%
Syria Damaszek
60%
Izrael Jerozolima
58%
Honduras Tegucigalpa
58%
Iran Teheran
58%
Kenia Nairobi
57%
Bahamy Nassau
57%
Mauretania Nawakszut
57%
Mjanma Naypyidaw
57%
Indie Nowe Delhi
57%
Malezja Kuala Lumpur
55%
Kuwejt Kuwejt
55%
Boliwia La Paz lub Sucre
54%
Arabia Saudyjska Rijad
54%
Erytrea Asmara
51%
Paragwaj Asunción
51%
Turkmenistan Aszchabad
51%
Tanzania Dodoma
51%
Katar Doha
51%
Armenia Erywań
51%
Singapur Singapur
51%
Algieria Algier
50%
Kanada Ottawa
50%
Nowa Zelandia Wellington
48%
Indonezja Dżakarta
47%
Dżibuti Dżibuti
47%
Sudan Południowy Dżuba
47%
Nigeria Abudża
46%
Zjednoczone Emiraty Arabskie Abu Zabi
46%
Gwinea Bissau Bissau
43%
Kirgistan Biszkek
43%
Korea Północna Pjongjang
42%
Maroko Rabat
42%
Gruzja Tbilisi
40%
Mongolia Ułan Bator
40%
Sri Lanka Colombo
39%
Gwatemala Gwatemala
36%
Bangladesz Dhaka
32%
Pakistan Islamabad
32%
Tonga Nuku'alofa
32%
Kazachstan Nur-Sułtan
32%
Etiopia Addis Abeba
30%
Gujana Georgetown
30%
Côte d'Ivoire Jamusukro
29%
Timor-Leste Dili
28%
Fidżi Suva
28%
Tunezja Tunis
28%
Botswana Gaborone
27%
Wyspy Salomona Honiara
27%
Dominika Roseau
27%
Kambodża Phnom Penh
26%
Ekwador Quito
26%
Bhutan Thimphu
23%
Samoa Apia
21%
Sudan Chartum
21%
Libia Trypolis
21%
Ghana Akra
20%
Chiny Pekin
20%
Burundi Gitega
17%
Nauru Yaren
14%
Sierra Leone Freetown
12%
Tuvalu Funafuti
11%
Seszele Victoria
10%
Kolumbia Bogota
9%
Eswatini Mbabane
5%
Dem Rep Konga Kinszasa
3%
Czad Ndżamena
2%
Burkina Faso Wagadugu
2%
Republika Środkowoafrykańska Bangi
1%
Kamerun Jaunde
1%
Nie znaleziono quizów pasujących do podanych kryteriów
Rozkład punktacji
Procent ludzi z każdym wynikiem
Percentyl według liczby udzielonych odpowiedzi
Twoja historia wyników
Nie rozwiązałeś tego quizu